Πυραμίδες, φτιαγμένες για την αιωνιότητα

Πριν από 5.000 χρόνια στην Γκίζα, στα περίχωρα του Καϊρου, χτίστηκε η μεγαλύτερη πυραμίδα του Χέοπα, με ύψος ίσο με αυτό ενός σύγχρονου ουρανοξύστη 40 ορόφων. Με ξεναγό έναν εργάτη που εργάστηκε εκεί, τον Ιντί, και με τη βοήθεια σύγχρονων αρχαιολογικών τεχνικών, θα παρακολουθήσουμε τη γέννηση των πυ...

Πλήρης περιγραφή

Αποθηκεύτηκε σε:
Λεπτομέρειες βιβλιογραφικής εγγραφής
Συγγραφή απο Οργανισμό/Αρχή: Village High Tech (Εταιρεία)
Μορφή: VHS
Γλώσσα:Greek
Italian
Δημοσίευση: [χ. τ.] : De Agostini Hellas, c2001.
Σειρά:Συγκλονιστικές ανακαλύψεις και αρχαίοι πολιτισμοί ; 3
Θέματα:
Ετικέτες: Προσθήκη ετικέτας
Δεν υπάρχουν, Καταχωρήστε ετικέτα πρώτοι!

MARC

LEADER 00000cgm a2200000 i 4500
001 1/28481
007 mf cbahn
008 021111s2001 gr ||| gre
035 |l 10068624 
040 |a GR-MyUA  |b gre  |e AACR2 
041 1 |a gre  |h ita 
082 0 |a 932  |2 (21) 
245 1 0 |a Πυραμίδες, φτιαγμένες για την αιωνιότητα  |h [μαγνητοσκόπηση] /  |c Μια παραγωγή της Village H. T. C. S. r. l. 
260 |a [χ. τ.] :   |b De Agostini Hellas,   |c c2001.  
300 |a 1 βιντεοκασέτα (π. 30 λεπτ.) :   |b ομιλ., έγχρ. ;   |c 1/4 ιν. (1/2 ιν.).  
490 1 |a (Συγκλονιστικές ανακαλύψεις και αρχαίοι πολιτισμοί   |v ; 3)  
500 |a Ντοκιμαντέρ 
500 |a TVHS 
500 |a Τίτλος πρωτοτύπου: Piramidi progetti per l'eternita.  
511 |a Αφηγητής: Ηλίας Ζερβός 
520 |a Πριν από 5.000 χρόνια στην Γκίζα, στα περίχωρα του Καϊρου, χτίστηκε η μεγαλύτερη πυραμίδα του Χέοπα, με ύψος ίσο με αυτό ενός σύγχρονου ουρανοξύστη 40 ορόφων. Με ξεναγό έναν εργάτη που εργάστηκε εκεί, τον Ιντί, και με τη βοήθεια σύγχρονων αρχαιολογικών τεχνικών, θα παρακολουθήσουμε τη γέννηση των πυραμιδοειδών οικοδομημάτων και τις απόπειρες, επιτυχημένες ή μη, για την ανέγερση αυτών των περίπλοκων κατασκευών. Στη Σαχάρα, στο Μεϊντούμ και στο Νταχσούρ, μισοθαμμένες κάτω από την άμμο της ερήμου, αναπαύονται πυραμίδες ακόμα πιο παλιές από την πυραμίδα του Χέοπα 
521 |a Ταινία κατάλληλη για όλους τους θεατές 
650 0 0 |a Pyramids  |z Egypt. 
651 0 |a Egypt  |x Antiquities. 
710 2 |a Village High Tech (Εταιρεία) 
830 0 |a Συγκλονιστικές ανακαλύψεις και αρχαίοι πολιτισμοί ;  |v  3 
852 |a INST  |b SYROS  |c AV  |e 20021111  |h 932 ΠΥΡ  |p 005500000079  |q 005500000079  |t VC  |y 23 
909 |a Ε  |b 089082 
970 |a ΜΑΝΩΛΑΡΑΚΗ  |b ΜΑΡΙΑ  |z 2002/11/11